| 000 | 01172nam a22003017a 4500 | ||
|---|---|---|---|
| 001 | BRCA_9330 | ||
| 003 | FranzMayer | ||
| 005 | 20230918120548.0 | ||
| 008 | 230825b |||||||| |||| 00| 0 eng d | ||
| 020 | _a9687180218 | ||
| 040 |
_aMFM _bespañol _cMFM |
||
| 050 | 0 |
_aNK1452 _b.R84 1986 |
|
| 110 |
_4Responsbale _aMuseo Rufino Tamayo _929148 |
||
| 240 |
_aItalia diseño _h1946/1986 _lespañol |
||
| 245 | 0 |
_aItalia diseño _b1946/1986 |
|
| 260 |
_aMéxico _bMuseo Rufino Tamayo _c1983 |
||
| 300 |
_a160 p _bIlustraciones a color _c28 cm |
||
| 500 | _aAnexo 1 | ||
| 500 | _aEl libro contiene una línea del tiempo en la parte trasera, la cual se extiende. | ||
| 505 | _aTexto en: españolIncluye índice temáticoIncluye lista de obrasIncluye bibliografía pp:159-160Dirigido a: artistas, museógrafos o personas con interés en el arte Europeo contemporáneo. | ||
| 650 | 1 |
_2Diseño _aHistoria _vSiglo XX _929149 |
|
| 651 | 2 |
_2Arte europeo _aItalia _929150 |
|
| 700 | 1 |
_4Dis. _aKlier von, Hans _929151 |
|
| 700 | 1 |
_4Asis. _aKimura, Akira _929152 |
|
| 700 | 1 |
_4Coord. _aMelissa, Lilia _929153 |
|
| 700 | 1 |
_4Inv. _aParide Vidari, Pier _929154 |
|
| 942 |
_2lcc _cH |
||
| 999 |
_c10952 _d10952 |
||